000 01769nam a2200469 i 4500
001 3326828
005 20221026144538.0
008 220928s2022 onc 000 1 eng d
020 _a9780778387183 :
_c$28.99
020 _a0778387186 :
_c$28.99
035 _a(OCoLC)1320870332
035 _a(OCoLC)on1320870332
035 _a3256999
040 _aPABRO
_beng
_erda
_cPABRO
050 4 _aPS3557.R198
_bV65 2022
082 0 4 _a813/.54
_223
092 _afiction
_bGraham
100 1 _aGraham, Heather,
_eauthor.
_934885
245 1 0 _aVoice of fear /
_cHeather Graham.
264 1 _aToronto, Ontario, Canada :
_bHarlequin MIRA,
_c[2022]
300 _a300 pages ;
_c24 cm
336 _atext
337 _aunmediated
338 _avolume
490 1 _aKrewe of hunters
650 0 _aMurder
_xInvestigation
_vFiction.
_95673630
650 0 _aWomen detectives
_vFiction.
_95673988
650 0 _aCriminal investigation
_vFiction.
_95709830
650 0 _aCriminal psychology
_vFiction.
_95710123
650 7 _aFICTION / Thrillers / Supernatural.
_2bisacsh
_95741134
650 7 _aFICTION / Ghost.
_2bisacsh
_95704609
650 7 _aFICTION / Mystery & Detective / Police Procedural.
_2bisacsh
_95679081
650 7 _aFICTION / Romance / Suspense.
_2bisacsh
_95699112
655 7 _aDetective and mystery fiction.
_2lcgft
_95683641
655 0 _aDetective and mystery stories.
655 7 _aMystery fiction.
_2gsafd
800 1 _aGraham, Heather.
_tKrewe of hunters.
_95690659
942 _2ddc
_cBOOK
999 _c378362
_d378362